000 01059cam a2200289 i 4500
001 93274
003 Mx-PuUPA
005 20250407151106.0
008 250405s1998 mx ||||gr|||| 00| 0 spa d
040 _aMx-PuUPA
_bspa
_cMx-PuUPA
_dMx-PuUPA
_erda
041 0 _aspa
100 1 _aMartínez Ferrer, Luis,
_d1964-
_eautor
_916944
245 1 4 _aLa penitencia :
_ben la primera evangelización de México (1523-1585) /
_cLuis Martínez Ferrer
264 1 _aMéxico, D.F. :
_bUniversidad Pontificia de México,
_c1998
300 _alii, 294 páginas ;
_c23 cm
336 _2rdacontent
_atexto
_btxt
337 _2rdamedia
_asin medio
_bn
338 _2rdacarrier
_avolumen
_bnc
490 0 _aBibliotheca Mexicana ;
_v10
650 7 _2armarc
_aEvangelización
_zMéxico
650 7 _2armarc
_aPenitencia
_zMéxico
_xHistoria
_ySiglo XVI
650 7 _2armarc
_aConfesión
_zMéxico
_xHistoria
_ySiglo XVI
651 4 _aMéxico
_xHistoria de la iglesia
_ySiglo XVI
942 _2ddc
_cLI
_h234.166
_iM298
999 _c71173
_d71173